Tropical Africa vol.II (Record no. 81442)
[ view plain ]
| 000 -LEADER | |
|---|---|
| fixed length control field | 00700nam a2200169 a 4500 |
| 008 - FIXED-LENGTH DATA ELEMENTS--GENERAL INFORMATION | |
| fixed length control field | 120416s1962 ||||||||||||||||| || u |
| 050 ## - LIBRARY OF CONGRESS CALL NUMBER | |
| Classification number | DT 352 Kim |
| 100 ## - MAIN ENTRY--PERSONAL NAME | |
| Personal name | Kimble, George H. T |
| 245 10 - TITLE STATEMENT | |
| Title | Tropical Africa vol.II |
| 246 ## - | |
| -- | society and policy |
| 250 ## - EDITION STATEMENT | |
| Edition statement | Aridged ed |
| 260 ## - PUBLICATION, DISTRIBUTION, ETC. | |
| Place of publication, distribution, etc. | New York |
| Name of publisher, distributor, etc. | Anchor Books |
| Date of publication, distribution, etc. | 1962 |
| 300 ## - PHYSICAL DESCRIPTION | |
| Extent | 520p. |
| 350 ## - | |
| -- | 0.00 |
| 995 ## - | |
| -- | MAIN LIBRARY OPEN ACCESS |
| -- | 0.00 |
| -- | 700119 |
| -- | CBU-MAIN LIBRARY (Kitwe) |
| -- | 1 |
| -- | 4.95 |
| -- | DT 352 Kim |
| -- | 1 |
| -- | AVAILABLE |
| -- | Sep 7, 2006 |
| -- | 000757 |
| -- | Main Library Open Access Collection |
| 995 ## - | |
| -- | BINDERY (DAMAGED) |
| -- | 0.00 |
| -- | 700118 |
| -- | CBU-MAIN LIBRARY (Kitwe) |
| -- | 1 |
| -- | 0.00 |
| -- | DT 352 Kim |
| -- | 2 |
| -- | DAMAGED |
| -- | Apr 21, 2008 |
| -- | 700118 |
| -- | Main Library Open Access Collection |
| 999 ## - | |
| -- | 81442 |
| -- | 81442 |
| Withdrawn status | Lost status | Source of classification or shelving scheme | Damaged status | Not for loan | Permanent Location | Current Location | Shelving location | Date acquired | Total Checkouts | Full call number | Barcode | Date last seen | Copy number | Price effective from | Koha item type |
|---|---|---|---|---|---|---|---|---|---|---|---|---|---|---|---|
| CBU-MAIN LIBRARY, KITWE. | CBU-MAIN LIBRARY, KITWE. | 08/18/2023 | DT 352 Kim | 000757 | 08/18/2023 | 1 | 08/18/2023 | MONOGRAPH | |||||||
| CBU-MAIN LIBRARY, KITWE. | CBU-MAIN LIBRARY, KITWE. | 08/18/2023 | DT 352 Kim | 700118 | 08/18/2023 | 2 | 08/18/2023 | MONOGRAPH |